000
00200 a2200097 4500
001
8359
100
_a
Wells, H G
245
_a
The war of the worlds
260
_a
_b
Heinemann
_c
090
_c
6731
_d
6731
942
_a
NUST-CAE
_c
M
_c
33302
999
_c
243432
_d
243432